1336 1239 1161 1195 1093 1198 1118 1000 1794 1331 1483 1214 1942 1847 1682 1744 1599 1310 1334 1238 1283 1525 1190 1175 1244 1999 1497 1572 1363 1861 1963 1063 1587 1321 1879 1349 1996 1564 1400 1169 1246 1371 1380 1181 1361 1788 1646 1886 1224 1153 1766 1265 1377 1948 1568 1422 1285 1557 1737 1408 1780 1423 1047 1659 1515 1373 1315 1043 1467 1470 1108 1850 1686 1058 1144 1520 1663 1351 1251 1981 1824 1047 1993 1832 1081 1495 1193 1583 1751 1301 1107 1821 1764 1479 1182 1782 1815 1144 1921 BCNSPRNW ULIB Ver.6.0+V

เปลี่ยนเป็นภาษาไทย

Change to English
 แสดงรายละเอียดบรรณานุกรม
  กลับหน้าหลัก

Brief Record : Get Marc (ISO 2709) : E-mail record : QR code < ปิดหน้าต่าง
LEADER : 00000nam 2200000uu 4500
001    13399110054
003     ULIB
008    110420s2551||||th 000 0 tha d
020    9789744433305
041 1  tha^hjpa
060 04 WH100^bศ321ร 2551
100 1  โมริ, ฮิโรชิ
245 10 รู้จักและเข้าใจเลือด สิ่งมหัศจรรย์ในร่างกายเรา =^bTokoptonyasashii ketsueki no hon /^cby Hiroshi Mohri ; แปลและเรียบเรียงโดย ศักดา ดาดวง
246 31 Tokopton yasashii ketsueki no hon
250    พิมพ์ครั้งที่ 1
260    กรุงเทพฯ :^bส.ส.ท.,^c2551
300    237 หน้า :^bภาพประกอบ ;^c21 ซม.
500    LISI มีพิมพ์ครั้งที่ 2 (2551)
650  7 เลือด, โรค
700 0  ศักดา ดาดวง,^eผู้แปล
700 12 Mohri, Hiroshi.^tTokopton yasashii ketsueki no hon
945    ^p195^l0^i024384
999 ^a ใช้งานได้ทุกระบบ
รายการนี้ยังไม่มีแท็ก
คุณยังไม่ได้ล็อกอิน คุณสามารถมีกิจกรรมร่วมกับเว็บไซต์ได้ แต่ต้องล็อกอินก่อน ::
  ล็อกอิน

รายการสื่อสารสนเทศ

ลำดับที่ ประเภท เลขเรียก/บาร์โค้ด สถานที่ สถานะ
- ไม่พบข้อมูล -

รายการใกล้เคียง
    ผู้แต่ง [โมริ, ฮิโรชิ]

    หัวเรื่อง [เลือด, โรค]

BibComment


ยังไม่เคยถูกคอมเมนท์

คอมเมนท์ทรัพยากรรายการนี้
  คอมเมนท์: รู้จักและเข้าใจเล..


 Copyright 2026. Bcnsprnw @Library